Statystyki dla Quiz Sportowy

Kliknij tutaj aby rozwiązać quiz!

Ogólne statystyki

  • Ten quiz został rozwiązany 2 062 razy
  • Średni wynik to 9 z 15

Statystyki odpowiedzi

PytanieOdpowiedź% Poprawnych
Ile złotych medali Mistrzostw Świata zdobyła Polska w siatkówce?3
99%
Ile złotych medali igrzysk olimpijskich ma Adam Małysz?0
92%
Polski Koszykarz grający w NBAMarcin Gortat
81%
Ile lat ma Kamil Stoch?31
78%
Ostatni Klub Polski w Lidze Mistrzów? (4.05.2019)Legia Warszawa
78%
Ile lat ma Adam Małysz?41
74%
Kto jest nr 1 w Światowym Rankingu FIFA? (4.05.19)Belgia
73%
Kapitan Reprezentacji Polski w Siatkówce (2019)Michał Kubiak
71%
Jaki przydomek nosi Wisła KrakówBiała Gwiazda
64%
Ostatni zwycięzca cyklu Raw Air w skokach narciarskichRyoyu Kobayashi
57%
Ile kosztował najdroższy transfer w historii piłki nożnej? (w mln)222 mln
34%
Najwięcej występów w Polskiej kadrze w siatkówce zaliczył:Piotr Gruszka
33%
Ile wynosi rekord świata w skokach narciarskich? (w metrach)253,5 m
32%
kto był najdroższym transferem w ekstraklasieJan Bednarek
25%
Mistrz Polskiej Ligi Koszykówki w sezonie 2017/18Anwil Włocławek
23%

Rozkład punktacji

Percentyl według liczby udzielonych odpowiedzi

Procent ludzi z każdym wynikiem

Twoja historia wyników

Nie rozwiązałeś tego quizu